Normal view
MARC view
- Separation (Technology)
Entry Topical Term
001 - CONTROL NUMBER
- control field: 6364
003 - CONTROL NUMBER IDENTIFIER
- control field: NUST
005 - DATE AND TIME OF LATEST TRANSACTION
- control field: 20171115101015.0
008 - FIXED-LENGTH DATA ELEMENTS
- fixed length control field: 171115|| aca||aabn | a|a d
040 ## - CATALOGING SOURCE
- Original cataloging agency: NUST
- Transcribing agency: NUST
150 ## - HEADING--TOPICAL TERM
- Topical term or geographic name entry element: Separation (Technology)
670 ## - SOURCE DATA FOUND
- Source citation: Work cat.: (NUST)0: Watson, J. S. (Jack Samuel), 1935- 6362, Separation methods for waste and environmental applications /, c1999.
